| 000 | 00712nam a2200265Ia 4500 | ||
|---|---|---|---|
| 003 | OSt | ||
| 005 | 20220912150416.0 | ||
| 006 | a|||||r|||| 00| 0 | ||
| 007 | ta | ||
| 008 | 220909b |||||||| |||| 00| 0 eng d | ||
| 024 | _a54831 | ||
| 037 | _cTextual | ||
| 040 |
_aCSL _beng _cCSL |
||
| 041 | _aeng | ||
| 082 | _aKZ:(E9G), L1.2 | ||
| 100 | _aKaneko J J Ed. | ||
| 245 | 0 | _aClinical biochemistry of domestic animals | |
| 250 | _a2 | ||
| 260 |
_aNew York _b Academic Press _c1971 |
||
| 300 |
_axv,352p. _ccm. |
||
| 650 | _aAnimal husbandry | ||
| 700 | _a Cornelius C E Ed. | ||
| 942 |
_hKZ:(E9G), L1.2 _cTEXL _2CC |
||
| 999 |
_c46922 _d46922 |
||